Magic : The Gathering - Power Nine - Statistiques

Statistiques générales
  • Ce quiz a été pris 71 fois
  • Le résultat moyen est 6 sur 9
Statistiques - réponses
Réponse % Correct
Black Lotus
100%
Time Walk
67%
Ancestral Recall
61%
Mox Emerald
61%
Mox Ruby
61%
Mox Sapphire
58%
Mox Pearl
54%
Mox Jet
49%
Time Twister
49%
Aucun quiz correspondant
Distribution des résultats
% des personnes avec chaque résultat
Percentile par nombre de réponses
Votre historique - résultats
Vous n’avez pas pris ce quiz